|
|
|
|
| LEADER |
00000nab a22000001a 4500 |
| 001 |
vtls010307899 |
| 003 |
SK-MaSNL |
| 005 |
20260303191243.0 |
| 008 |
180406d19380719xo |r|p|||| |000 b|slo |
| 015 |
|
|
|a SNBRRBVU1918-1938
|
| 038 |
|
|
|a SNKBUCL
|
| 040 |
|
|
|a SNKBUVU
|b slo
|c SNKBUCL
|e AACR2
|
| 041 |
0 |
|
|a slo
|
| 044 |
|
|
|a xo
|c SK
|
| 080 |
|
|
|a 730.071.1
|2 1997
|
| 080 |
|
|
|a 725.94
|2 1997
|
| 245 |
0 |
0 |
|a V Šali a Košútoch postavia pomníky vojenným padlým
|c [autor] (pr)
|
| 500 |
|
|
|a V rubrike Z verejnej správy
|
| 600 |
1 |
7 |
|a Klinda, Koloman
|2 MM
|9 1220460
|
| 650 |
0 |
7 |
|a slovenské sochárstvo
|2 MM
|9 3052
|
| 650 |
0 |
7 |
|a pomníky padlým
|2 MM
|9 1099136
|
| 650 |
0 |
7 |
|a prvá svetová vojna (1914-1918)
|2 snkbucl
|9 162650
|
| 651 |
|
7 |
|a Šaľa (Slovensko)
|2 MM
|9 27574
|
| 651 |
|
7 |
|a Košúty (Galanta, Slovensko)
|2 MM
|9 176675
|
| 773 |
0 |
|
|t Slovenský hlas
|g Roč. 1, č. 161 (19.7.1938), s. 7
|
| 852 |
|
|
|a SNK
|b KIS3GCP
|
| 958 |
|
|
|a VY
|
| 999 |
|
|
|c 2140331
|d 2142261
|